000 00653nam a22002057a 4500
999 _c21721
_d21721
003 BDDh-ASL
005 20231015030031.0
008 210211s1975 ii ||||| |||| 00| 0 eng d
040 _aBDDh-ASL
_cBDDh-ASL
082 _a954.503
_bSAS
100 1 _93083
_aSaini, B.S.
245 1 0 _aThe Social and Economic History of the Punjab 1901-1939 :
_bincluding Haryana and Himachal Pradesh /
260 _aDelhi :
_bEss Ess Publications,
_c1975.
300 _a381 p. :
_c22 cm.
650 0 _91349
_aHistory
_y1901-1939
651 0 _93075
_aPunjab
_z India
651 0 _93084
_aHaryana
_zIndia
651 0 _93085
_aHimachal Pradesh
_zIndia
942 _2ddc
_cBK